Statistics for Ekonomiky G-20

Click here to take the quiz!

General Stats

  • This quiz has been taken 510 times
  • The average score is 15 of 20

Answer Stats

Odpověď% Correct
Německo
95%
Čína
94%
Francie
93%
Kanada
93%
Rusko
93%
Japonsko
89%
Brazílie
87%
Itálie
87%
Indie
83%
Spojené státy americké
81%
Austrálie
78%
Velká Británie
78%
Mexiko
77%
Argentina
73%
Jižní Korea
68%
Turecko
58%
Saudská Arábie
57%
Indonésie
56%
Jihoafrická republika
44%
Evropská unie
28%

Score Distribution

Percentile by Number Answered

Percent of People with Each Score

Your Score History

You have not taken this quiz